International journal of psychotherapy

Bibliographic Details
Corporate Author: European Association for Psychotherapy
Format: Electronic Journal
Language:English
Published: [Abingdon, Oxfordshire] : Carfax International Publishers, -2003.
Subjects:
Online Access:Full text available from Research Library: 11/01/1997 to 11/30/2000

MARC

LEADER 00000nas a2200000 a 4500
001 ssj0012589
003 WaSeSS
005 20200512172242.0
006 m d
007 cr n
008 001002d19962003enktr pss 0 a0eng c
010 |a  2007249055 
022 |a 1469-8498  |l 1356-9082  |y 1356-9082 
035 |a (WaSeSS)ssj0012589 
037 |b Carfax International Publishers, PO Box 25, Abingdon, Oxfordshire, OX14 3UE, UK 
040 |a F#A  |b eng  |c F#A  |d OCLCQ  |d AAA  |d OCLCQ  |d CGU  |d ZYU  |d OCLCQ  |d OCLCF  |d OCLCQ  |d OCLCO  |d OCLCQ  |d WYU  |d DCHUA  |d VT2  |d WaSeSS 
042 |a pcc 
050 1 4 |a RC435  |b .I68 
130 0 |a International journal of psychotherapy (Online) 
245 1 0 |a International journal of psychotherapy  |h [electronic resource]. 
260 |a [Abingdon, Oxfordshire] :  |b Carfax International Publishers,  |c -2003. 
310 |a Three times a year 
362 1 |a Print began with vol. 1, no. 1 (June 1996). 
362 0 |a -v. 8, issue 3 (2003). 
500 |a Published: [London, England?] : Routledge, <2000>-2003. 
506 |a License restrictions may limit access. 
538 |a Mode of access: World Wide Web. 
550 |a Official journal and flagship of the European Association for Psychotherapy. 
588 |a Description based on: Vol. 5, no. 1 (Mar. 2000); title from journal contents screen (FirstSearch, viewed Aug. 30, 2000). 
650 0 |a Psychotherapy  |v Periodicals. 
650 7 |a Psychotherapy.  |2 fast  |0 (OCoLC)fst01081755 
650 2 |a Psychotherapy  |x methods  |v Periodicals. 
650 2 |a Mental Disorders  |x therapy  |v Periodicals. 
655 0 |a Electronic journals. 
710 2 |a European Association for Psychotherapy. 
776 1 |t International journal of psychotherapy  |x 1356-9082  |w (DLC)sn 96039578  |w (OCoLC)35299066 
856 4 0 |z Full text available from Research Library: 11/01/1997 to 11/30/2000  |u https://search.proquest.com/publication/32791